Statistics for Real Madrid Squad 2016-2017

Click here to take the quiz!

General Stats

  • This quiz has been taken 3,762 times
  • The average score is 20 of 25

Answer Stats

NbrPostNationalityPlayer% Correct
7FWPortugalCristiano Ronaldo
99%
4DFSpainSergio Ramos
99%
11FWWalesGareth Bale
98%
1GKCosta RicaKeylor Navas
98%
9FWFranceKarim Benzema
97%
8MFGermanyToni Kroos
97%
19MFCroatiaLuka Modrić
96%
3DFPortugalPepe
95%
10MFColombiaJames Rodriguez
94%
12DFBrazilMarcelo
94%
5DFFranceRaphaël Varane
93%
2DFSpainDaniel Carvajal
91%
-CoachFranceZinédine Zidane
91%
14MFBrazilCasemiro
86%
6DFSpainNacho Fernandez
80%
13GKSpainKiko Casilla
78%
16MFCroatiaMateo Kovačić
78%
22MFSpainIsco
76%
20MFSpainMarco Asensio
73%
18FWDominican Rep.Mariano
68%
15DFPortugalFabio Coentrao
66%
17FWSpainLucas Vázquez
66%
21FWSpainÁlvaro Morata
53%
23DFBrazilDanilo
51%
25GKSpainRubén Yáñez
20%

Score Distribution

Percentile by Number Answered

Percent of People with Each Score

Your Score History

You have not taken this quiz